| 000 | 00544nam a2200193 u 4500 | ||
|---|---|---|---|
| 005 | 20210223133714.0 | ||
| 008 | 181120s1998 r 000 0 eng d | ||
| 020 | _a9688552267 | ||
| 035 | _aUPN01000227961 | ||
| 049 | _aCG | ||
| 050 | 4 |
_aPQ9698.13 O3.4 _bP3.6 |
|
| 100 | 1 |
_aPalao Pons, Pedro _942721 |
|
| 245 | 1 | 0 |
_aPregĂșntale a Paulo Coelho / _cPedro Palao Pons. |
| 260 |
_aMéxico : _bTikal, _cc1998. |
||
| 300 | _a112 p. | ||
| 600 | 1 | 4 |
_aCOELHO, PAULO, _d1947- - _xCRITICA E INTERPRETACION _927475 |
| 905 | _aLibro | ||
| 999 |
_c200056 _d200056 |
||